|
|
|
|
| LEADER |
01290nam a2200361 a 4500 |
| 001 |
EBC1179194 |
| 003 |
MiAaPQ |
| 005 |
20200520144314.0 |
| 006 |
m o d | |
| 007 |
cr cn||||||||| |
| 008 |
130417s2013 njuad sb 001 0 eng d |
| 010 |
|
|
|z 2013938222
|
| 020 |
|
|
|z 9780691145402 (cloth)
|
| 020 |
|
|
|z 0691145407 (cloth)
|
| 020 |
|
|
|a 9781400846443 (electronic bk.)
|
| 035 |
|
|
|a (MiAaPQ)EBC1179194
|
| 035 |
|
|
|a (Au-PeEL)EBL1179194
|
| 035 |
|
|
|a (CaPaEBR)ebr10724379
|
| 035 |
|
|
|a (CaONFJC)MIL500056
|
| 035 |
|
|
|a (OCoLC)851157180
|
| 040 |
|
|
|a MiAaPQ
|c MiAaPQ
|d MiAaPQ
|
| 050 |
|
4 |
|a HG229
|b .G73 2013
|
| 082 |
0 |
4 |
|a 332.41
|2 23
|
| 100 |
1 |
|
|a Granville, Brigitte.
|
| 245 |
1 |
0 |
|a Remembering inflation
|h [electronic resource] /
|c Brigitte Granville.
|
| 260 |
|
|
|a Princeton, N.J. :
|b Princeton University Press,
|c 2013.
|
| 300 |
|
|
|a xvi, 272 p. :
|b ill.
|
| 504 |
|
|
|a Includes bibliographical references and index.
|
| 533 |
|
|
|a Electronic reproduction. Ann Arbor, MI : ProQuest, 2015. Available via World Wide Web. Access may be limited to ProQuest affiliated libraries.
|
| 650 |
|
0 |
|a Inflation (Finance)
|
| 655 |
|
4 |
|a Electronic books.
|
| 710 |
2 |
|
|a ProQuest (Firm)
|
| 856 |
4 |
0 |
|u https://ebookcentral.proquest.com/lib/matrademy/detail.action?docID=1179194
|z Click to View
|